Public expenditure and policy analysis /

Saved in:
Bibliographic Details
Other Authors: Haveman, Robert H. (Robert Henry), 1936-, Margolis, Julius
Format: Book
Language:English
Published: Chicago : Rand McNally College Pub. Co., c1977.
Edition:2d ed.
Subjects:
LEADER 01156nam a2200301 i 4500
001 c000329395
003 CARM
005 00000000000000.0
008 770516s1977 ilu b 00000 eng
019 1 |a 847577  |5 LACONCORD2021 
020 |a 0528670034 
035 |a (OCoLC)2807565  |5 LACONCORD2021 
043 |a n-us--- 
050 0 0 |a HJ2052  |b .P82 1977 
082 0 0 |a 336.3/9/0973 
245 0 0 |a Public expenditure and policy analysis /  |c [edited by] Robert H. Haveman, Julius Margolis. 
250 |a 2d ed. 
260 |a Chicago :  |b Rand McNally College Pub. Co.,  |c c1977. 
300 |a x, 591 p. ;  |c 23 cm. 
500 |a Published in 1970 under title: Public expenditures and policy analysis. 
504 |a Includes bibliographical references. 
650 0 |a Program budgeting  |z United States. 
650 0 |a Expenditures, Public. 
700 1 |a Haveman, Robert H.  |q (Robert Henry),  |d 1936- 
700 1 |a Margolis, Julius. 
852 8 |b CARM  |h A1:AL22E0  |i B10107  |p 0452330  |f BK 
999 f f |i af84a0a0-f13a-5a81-8377-6c6bd560d311  |s 666a5fdc-f6c1-5512-be8b-80287e93b74f 
952 f f |p Can circulate  |a CAVAL  |b CAVAL  |c CAVAL  |d CARM 1 Store  |e B10107  |f A1:AL22E0  |h Other scheme  |i book  |m 0452330